Central Library OPAC University of Rajshahi

সূর্যের জন্ম ও মৃত্যু / (Record no. 77714)

MARC details
000 -LEADER
fixed length control field 00685nam a2200217 a 4500
001 - CONTROL NUMBER
control field 77714
003 - CONTROL NUMBER IDENTIFIER
rucl marc code BD-RjUL
005 - DATE AND TIME OF LATEST TRANSACTION
control field 20211209083020.0
008 - FIXED-LENGTH DATA ELEMENTS--GENERAL INFORMATION
fixed length control field 201231s1983 bg ||||| |||| 00| 0 eng d
035 ## - SYSTEM CONTROL NUMBER
System control number (BD-RjUL)77940
040 ## - CATALOGING SOURCE
Original cataloging agency BD-RjUL
Language of cataloging eng
Transcribing agency BD-RjUL
041 ## - LANGUAGE CODE
Language code of text/sound track or separate title ben
082 ## - DEWEY DECIMAL CLASSIFICATION NUMBER
Edition number 23
Classification number 523.7
Author mark and year GAS 1983
100 ## - MAIN ENTRY--PERSONAL NAME
Personal name গ্যামাও, জর্স
9 (RLIN) 147543
245 10 - TITLE STATEMENT
Title সূর্যের জন্ম ও মৃত্যু /
Statement of responsibility, etc. জর্স গ্যামাও
260 ## - PUBLICATION, DISTRIBUTION, ETC. (IMPRINT)
Place of publication, distribution, etc. ঢাকা :
Name of publisher, distributor, etc. বাংলা একাডেমী,
Date of publication, distribution, etc. ১৯৮৩
300 ## - PHYSICAL DESCRIPTION
Pagination ১৭৯ পৃ.;
650 ## - SUBJECT ADDED ENTRY--TOPICAL TERM
Topical term or geographic name as entry element সূর্য
9 (RLIN) 243107
Topical term or geographic name as entry element Sun
9 (RLIN) 243108
942 ## - ADDED ENTRY ELEMENTS (KOHA)
Source of classification or shelving scheme Dewey Decimal Classification
Koha item type Books
Holdings
Lost status Source of classification or shelving scheme Damaged status Not for loan Collection code Permanent Location Current Location Shelving location Date acquired Source of acquisition Cost, normal purchase price Total Checkouts Full call number Date last seen Copy number Koha item type
  Dewey Decimal Classification   Not For Loan Non-fiction Central Library, University of Rajshahi Central Library, University of Rajshahi Reading Room 25/06/1990 Dhaka :Bangla Academy 30.00   B 523.7 GAS 1983 03/01/2021 C-1 Books